<?xml version="1.0" encoding="UTF-8"?>
<collection xmlns="http://www.loc.gov/MARC21/slim">
  <record>
    <leader>00000nam  2200000   4500</leader>
    <controlfield tag="001">INLIS000000000018658</controlfield>
    <controlfield tag="005">20241204094524</controlfield>
    <datafield tag="035" ind1="#" ind2="#">
      <subfield code="a">0010-1224000029</subfield>
    </datafield>
    <controlfield tag="007">ta</controlfield>
    <controlfield tag="008">241204###########################0######</controlfield>
    <datafield tag="245" ind1="#" ind2="#">
      <subfield code="a">ORASI K3 :</subfield>
      <subfield code="b">Optimalasasi Informasi dan Kesehatan Kerja Di Laboratorium Jurusan Teknik Kimia /</subfield>
      <subfield code="c">Hasni, B.Eng., M.T</subfield>
    </datafield>
    <datafield tag="260" ind1="#" ind2="#">
      <subfield code="a">Makassar :</subfield>
      <subfield code="b">Puslatbang KMP RI LAN Makassar,</subfield>
      <subfield code="c">2024</subfield>
    </datafield>
    <datafield tag="300" ind1="#" ind2="#">
      <subfield code="a">47 ;</subfield>
      <subfield code="c">30</subfield>
    </datafield>
    <datafield tag="650" ind1="#" ind2="4">
      <subfield code="a">mengoptimalisasi penyediaan informasi keselamatan dan kesehatan kerja di laboratorium.</subfield>
    </datafield>
    <datafield tag="700" ind1=" " ind2="#">
      <subfield code="a">Dr. Fajriyati Mas'ud S.T.P., M.Si (Mentor)</subfield>
    </datafield>
    <datafield tag="700" ind1=" " ind2="#">
      <subfield code="a">Maylitha Achmad, S.Psi., MBA (Coach)</subfield>
    </datafield>
    <datafield tag="520" ind1="#" ind2="#">
      <subfield code="a">Setiap CPNS diharapkan mampu menginternalisasikan nilai-nilai dasar ASN yang terdiri dari tujuh aspek BerAKHLAK (berorientasi pelayanan, akuntabel, kompeten, harmonis, loyal, adaptif, dan kolaboratif). Para peserta Latsar dituntut untuk mampu mengidentifikasi isu-isu yang terdapat di unit kerja masing-masing serta merancang kegiatan demi menemukan alternatif pemecahan isu-isu tersebut sebagai jalan dalam mengaktualisasikan nilai-nilai dasar BerAKHLAK.&#13;
&#13;
Berdasarkan hasil identifikasi, penulis membuat kegiatan aktualisasi yang berjudul "Optimalisasi Informasi Keselamatan dan Kesehatan Kerja di Laboratorium Jurusan Teknik Kimia(Orasi K3)" kegiatan ini bertujuan untuk mengimplementasikan nilai-nilai dasar BerAKHLAK serta manajeman ASN dan smart ASN, serta mengoptimalisasi penyediaan informasi keselamatan dan kesehatan kerja di laboratorium.&#13;
Dalam kegiatan ini peserta melakukan beberapa kegiatan, yakni melakukan kajian mengenai keselamatan kerja di laboratorium, persiapan pembutan video panduan keselamatan dan kesehatan kerja, pembuatan video panduan keselamatan, menyediakan perangkat keselamatan dan kesehatan kerja, dan terakhir melakukan finalisasi hasil aktualisasi.&#13;
&#13;
Hasil dari kegiatan aktualisasi menunjukkan peningkatan pemahaman peserta mengenai penerapan nilai-nilai dasar ASN serta peran dan kedudukan ASN sebagai pelayan publik. Sebagaimana telah diimplementasikan 95 nilai BerAKHLAK, Manajemen ASN 3 kegiatan, Smart ASN 2 kegiatan. Dalam mewujudkan visi dan misi instansi, telah dilakukan 1 kegiatan yang berkontribusi pada visi program studi, dan 4 kegiatan yang berkontribusi pada misi program studi.&#13;
Dengan adanya kegiatan aktualisasi ini. diharapkan CPNS mampu untuk lebih menerapkan nilai-nilai dasar BerAKHLAK serta manajeman ASN dan smart ASN di lingkungan kerja, serta mampu memberikan pelayanan publik yang berkualitas. Kegiatan ini juga memberikan rencana tindak lanjut dengan melakukan pengembangan materi keselamatan dan kesehatan kerja yang berkelanjutan dan melakukan monitoring rutin terhadap implementasi prosedur keselamatan dan kesehatan kerja di laboratorium jurusan Teknik kimia</subfield>
    </datafield>
    <datafield tag="856" ind1="#" ind2="#">
      <subfield code="a">PUSLATBANG KMP LAN RI Makassar</subfield>
    </datafield>
  </record>
</collection>
